Podnikanie v kultúrnych a kreatívnych odvetviach bakalárska práca

Uložené v:
Podrobná bibliografia
Hlavný autor: Balco, Ivan
Korporativný autor: Obchodná fakulta EU. Katedra služieb a cestovného ruchu - zrušené
Ďalší autori: Naďová Krošláková, Monika, 1975-
Médium: Kniha
Jazyk:Slovak
Vydavateľské údaje: Bratislava 2021
Tagy: Pridať tag
Žiadne tagy, Buďte prvý, kto otaguje tento záznam!

MARC

LEADER 00000nbm a2200000 4500
001 0275949
005 20220203115831.8
041 0 |a slo 
044 |a SK 
245 1 0 |a Podnikanie v kultúrnych a kreatívnych odvetviach  |b bakalárska práca  |c Ivan Balco ; školiteľ: Monika Naďová Krošláková 
264 1 |a Bratislava  |c 2021 
300 |a 50 s. 
100 1 |a Balco, Ivan 
700 1 |a Naďová Krošláková, Monika, 1975- 
710 2 |a Obchodná fakulta EU. Katedra služieb a cestovného ruchu - zrušené